000 00538nam a2200181Ia 4500
005 20250326140625.0
008 250326s9999 xx 000 0 und d
037 _aTextbook
040 _aFMSL
_beng
_cFMSL
041 _aeng
_2eng
084 _aX65g N9
_qFMSL
100 _aSchneeweis T
_9742714
245 0 _aHandbook of alternative investment strategy
_cSchneeweis T; Pescatore J F
260 _aNew York
_bNew York, Institutional Investor
_c1999
300 _a388p
942 _cTB
_hX65g N9
999 _c1286609
_d1286609